Conflicto y crisis en el pensamiento social latinoamericano /

שמור ב:
מידע ביבליוגרפי
מחבר ראשי: Roitman Rosenmann, Marcos
פורמט: Texto
תגים: הוספת תג
אין תגיות, היה/י הראשונ/ה לתייג את הרשומה!

MARC

LEADER 00000 a a2200000 04500
001 10969
003
040
100 |a Roitman Rosenmann, Marcos  
245 |a Conflicto y crisis en el pensamiento social latinoamericano /  |c Marcos Roitman Rosenmann 
773 |g número 2; páginas 165-170  
999 |c 39711  |d 39711